Guesse The NCT Dream Member - Statistics

General Stats
  • This quiz has been taken 1,100 times
  • The average score is 6 of 6
Answer Stats
Hint Answer % Correct
Maknae, Vocalist, and sub Rapper Jisung
98%
Main vocalist Haechan
97%
Rapper, Visual Jaemin
97%
Rapper, Vocalist, and visual Jeno
97%
Lead vocalist Chenle
96%
Oldest and Lead vocalist Renjun
95%
No matching quizzes found
Score Distribution
Percent of People with Each Score
Percentile by Number Answered
Your Score History
You have not taken this quiz